| 000 | 01070 a2200241 4500 | ||
|---|---|---|---|
| 999 |
_c2611 _d2611 |
||
| 020 | _a0534521584 | ||
| 050 | 0 | 0 | _aHV9069 CAR 2006 |
| 100 | 1 | _aDel Carmen, Rolando V. | |
| 245 | 1 | 0 |
_aJuvenile justice : _bthe system, process, and the law / _cRolando V. del Carmen, Chad R. Trulson. |
| 264 |
_aBelmont _bWadsworth _c2006 |
||
| 300 |
_axxv, 512 p. : _bill. ; |
||
| 500 | _aJuvenile justice | ||
| 504 | _aIncludes bibliographical references (p. 476-496) and index. | ||
| 650 | 0 | _aJuvenile justice, Administration of | |
| 650 | 0 | _aJuvenile delinquency | |
| 650 | 0 | _aJuvenile corrections | |
| 700 | 1 | _aTrulson, Chad R. | |
| 856 | 4 | 1 |
_3Table of contents _uhttp://www.loc.gov/catdir/toc/fy0605/2005922301.html |
| 856 | 4 | 2 |
_3Contributor biographical information _uhttp://www.loc.gov/catdir/enhancements/fy1302/2005922301-b.html |
| 856 | 4 | 2 |
_3Publisher description _uhttp://www.loc.gov/catdir/enhancements/fy1302/2005922301-d.html |
| 942 |
_2lcc _cBK _h9069 _iCAR _kHV |
||